Unleashing India : (Record no. 29418)
[ view plain ]
| 000 -LEADER | |
|---|---|
| fixed length control field | 02867cam a22003855a 4500 |
| 005 - DATE AND TIME OF LATEST TRANSACTION | |
| control field | 20090810235454.0 |
| 008 - FIXED-LENGTH DATA ELEMENTS--GENERAL INFORMATION | |
| fixed length control field | 090616m2009uuuuii bs 001 0 eng d |
| 010 ## - LCCN (DPL NO) | |
| LC control number | B-365321-329 |
| 020 ## - INTERNATIONAL STANDARD BOOK NUMBER | |
| International Standard Book Number | 9788129114884 |
| Terms of availability | 395.00 |
| 035 ## - SYSTEM CONTROL NUMBER | |
| System control number | B-365321-329 |
| 037 ## - SOURCE OF ACQUISITION | |
| Source of stock number/acquisition | UBH |
| 040 ## - CATALOGING SOURCE | |
| Original cataloging agency | dpl |
| Language of cataloging | English |
| 082 ## - DEWEY DECIMAL CLASSIFICATION NUMBER | |
| Classification number | 338.10954 |
| 100 ## - MAIN ENTRY--PERSONAL NAME | |
| Personal name | Veerappa Moily, M. |
| 245 ## - TITLE STATEMENT | |
| Title | Unleashing India : |
| Remainder of title | a roadmap for agrarian wealth creation / |
| Statement of responsibility, etc | by M. Veerappa Moily |
| 260 ## - PUBLICATION, DISTRIBUTION, ETC. (IMPRINT) | |
| Place of publication, distribution, etc | New Delhi |
| Name of publisher, distributor, etc | Rupa & Co |
| Date of publication, distribution, etc | 2009 |
| 270 ## - ADDRESS | |
| Address | 7/16, Ansari Road, Daryaganj |
| City | New Delhi |
| Postal code | 110002 |
| 300 ## - PHYSICAL DESCRIPTION | |
| Extent | v.1 (xlv,168p.) |
| Dimensions | 23 cm. (Hb) |
| 500 ## - GENERAL NOTE | |
| General note | Includes index. |
| 500 ## - GENERAL NOTE | |
| General note | Includes statistical tables. |
| 504 ## - BIBLIOGRAPHY, ETC. NOTE | |
| Bibliography, etc | Includes bibliographical references |
| 650 ## - SUBJECT ADDED ENTRY--TOPICAL TERM | |
| Topical term or geographic name as entry element | Agriculture |
| General subdivision | Economic aspects |
| Geographic subdivision | India. |
| 650 ## - SUBJECT ADDED ENTRY--TOPICAL TERM | |
| Topical term or geographic name as entry element | Agriculture and state |
| Geographic subdivision | India. |
| 942 ## - ADDED ENTRY ELEMENTS (KOHA) | |
| Source of classification or shelving scheme | Dewey Decimal Classification |
| Item type | English Books |
| Call number suffix | VEE |
| Classification part | 338.10954 |
| Withdrawn status | Lost status | Source of classification or shelving scheme | Materials specified (bound volume or other part) | Damaged status | Not for loan | Home library | Current library | Date acquired | Source of acquisition | Cost, normal purchase price | Total Checkouts | Total Renewals | Full call number | Barcode | Date last seen | Copy number | Cost, replacement price | Koha item type | Public note |
|---|---|---|---|---|---|---|---|---|---|---|---|---|---|---|---|---|---|---|---|
| Dewey Decimal Classification | v.1 | Central Library | Central Library | 05/03/2010 | UBH/150/9.11.09/149/16.10.09/12.11.09 | 395.00 | 1 | 1 | 338.10954 VEE | B-365321 | 04/09/2024 | 1 | 395.00 | English Books | v.1 | ||||
| Dewey Decimal Classification | v.1 | Janak Puri | Janak Puri | 05/03/2010 | UBH/150/9.11.09/149/16.10.09/12.11.09 | 395.00 | 338.10954 VEE | B-365325 | 05/03/2010 | 1 | 395.00 | English Books | v.1 | ||||||
| Dewey Decimal Classification | v.1 | Karol Bagh | Karol Bagh | 05/03/2010 | UBH/150/9.11.09/149/16.10.09/12.11.09 | 395.00 | 338.10954 VEE | B-365328 | 05/03/2010 | 1 | 395.00 | English Books | v.1 | ||||||
| Dewey Decimal Classification | v.1 | Mobile Library | Mobile Library | 05/03/2010 | UBH/150/9.11.09/149/16.10.09/12.11.09 | 395.00 | 338.10954 VEE | B-365322 | 05/03/2010 | 2 | 395.00 | English Books | v.1 | ||||||
| Dewey Decimal Classification | v.1 | Mobile Library | Mobile Library | 05/03/2010 | UBH/150/9.11.09/149/16.10.09/12.11.09 | 395.00 | 338.10954 VEE | B-365323 | 05/03/2010 | 2 | 395.00 | English Books | v.1 | ||||||
| Dewey Decimal Classification | v.1 | Patel Nagar | Patel Nagar | 05/03/2010 | UBH/150/9.11.09/149/16.10.09/12.11.09 | 395.00 | 338.10954 VEE | B-365324 | 05/03/2010 | 1 | 395.00 | English Books | v.1 | ||||||
| Dewey Decimal Classification | v.1 | Sarojini Nagar | Sarojini Nagar | 05/03/2010 | UBH/150/9.11.09/149/16.10.09/12.11.09 | 395.00 | 338.10954 VEE | B-365326 | 05/03/2010 | 1 | 395.00 | English Books | v.1 | ||||||
| Dewey Decimal Classification | v.1 | Shahdara Branch | Shahdara Branch | 05/03/2010 | UBH/150/9.11.09/149/16.10.09/12.11.09 | 395.00 | 338.10954 VEE | B-365329 | 05/03/2010 | 1 | 395.00 | English Books | v.1 | ||||||
| Dewey Decimal Classification | v.1 | Vinoba Puri | Vinoba Puri | 05/03/2010 | UBH/150/9.11.09/149/16.10.09/12.11.09 | 395.00 | 338.10954 VEE | B-365327 | 05/03/2010 | 1 | 395.00 | English Books | v.1 |
